Man of the family /

Bibliographic Details
Main Author: Moody, Ralph, 1898-1982
Format: Book
Language:English
Published: New York : Norton, [1951]
Edition:[1st ed.].

MARC

Tag First Indicator Second Indicator Subfields
LEADER 00000cam a2200000 4500
001 in00000281621
005 20151010075114.0
008 750521s1951 nyua 00000aeng d
010 |a  51013312  
035 |a (OCoLC)01348321 
035 |9 ABF3528AM 
040 |c DZM  |d TXA  |d UtOrBLW 
049 |a TXAS  |c [1090378] 
050 0 0 |a CT275.M5853  |b A32 
100 1 |a Moody, Ralph,  |d 1898-1982. 
245 1 0 |a Man of the family /  |c illustrated by Edward Shenton. 
250 |a [1st ed.]. 
264 1 |a New York :  |b Norton,  |c [1951] 
264 4 |c [©1951] 
300 |a 272 pages :  |b illustrations 
336 |a text  |b txt  |2 rdacontent 
337 |a unmediated  |b n  |2 rdamedia 
338 |a volume  |b nc  |2 rdacarrier 
999 |a MARS 
999 f f |s b94b7b0d-94c1-3a9a-8800-cb3d22fa9fe5  |i 8134099f-af60-38b2-87cc-f1a63396f295  |t 0 
952 f f |p noncirc  |a Texas A&M University  |b College Station  |c Cushing Memorial Library & Archives  |d Cushing: Dykes (Does not check out)  |t 0  |e CT275.M5853 A32  |h Library of Congress classification  |i unmediated -- volume  |m A14851706466 
998 f f |a CT275.M5853 A32  |t 0  |l Cushing: Dykes (Does not check out)